000 01147pam a2200301 a 4500
999 _c23279
_d23279
001 2861248
003 OSt
005 20170126090120.0
008 851127s1986 enk b 000 0 eng
010 _a 85029977
020 _a0521255775
020 _a0521311500 (pbk.)
040 _aDLC
_cDLC
_dDLC
043 _ae-uk-en
050 0 0 _aPR2976
_b.E554 1986
082 0 0 _a822.3/3
_219
100 1 _aEmpson, William,
_d1906-1984.
245 1 0 _aEssays on Shakespeare /
_cWilliam Empson ; edited by David B. Pirie.
260 _aCambridge [Cambridgeshire] ;
_aNew York :
_bCambridge University Press,
_c1986.
300 _aix, 246 p. ;
_c23 cm.
504 _aBibliography: p. 244-246.
600 1 0 _aShakespeare, William,
_d1564-1616
_xCriticism and interpretation.
650 0 _aTheaters
_zEngland
_zLondon
_xHistory
_y16th century.
700 1 _aPirie, David.
856 4 1 _3Table of contents
_uhttp://www.loc.gov/catdir/toc/cam023/85029977.html
856 4 2 _3Publisher description
_uhttp://www.loc.gov/catdir/description/cam023/85029977.html
906 _a7
_bcbc
_corignew
_d1
_eocip
_f19
_gy-gencatlg
942 _2lcc
_cBOOKS
_hPR 2976 .E554 1986